Absorpčná schopnosť Slovenska pri čerpaní eurofondov

Pojem absorpčná schopnosť. Faktory ovplyvňujúce absorpčnú kapacitu. Strategické riadenie prostriedkov fondov EÚ. Analýza využívania štrukturálnych fondov na Slovensku.

Saved in:
Bibliographic Details
Main Author: Mindová, Lenka
Format: Book Chapter
Language:Slovak
Subjects:
Tags: Add Tag
No Tags, Be the first to tag this record!

MARC

LEADER 00000naa a2200000 4500
001 0120596
005 20231116103151.5
041 0 |a slo 
044 |a SK 
245 1 0 |a Absorpčná schopnosť Slovenska pri čerpaní eurofondov  |c Lenka Mindová 
520 |a Pojem absorpčná schopnosť. Faktory ovplyvňujúce absorpčnú kapacitu. Strategické riadenie prostriedkov fondov EÚ. Analýza využívania štrukturálnych fondov na Slovensku. 
610 2 0 |a fondy štruktúrne 
610 2 0 |a politika kohézna 
610 2 0 |a Európska únia 
610 2 0 |a Slovensko 
610 2 0 |a riadenie strategické 
610 2 0 |a projekty 
100 1 |a Mindová, Lenka